A Guide to the Project Management Body of Knowledge (PMBOK® Guide) / (Record no. 616055)

000 -LEADER
fixed length control field 00570nam a22001817a 4500
003 - CONTROL NUMBER IDENTIFIER
control field NUST
005 - DATE AND TIME OF LATEST TRANSACTION
control field 20260203103223.0
008 - FIXED-LENGTH DATA ELEMENTS--GENERAL INFORMATION
fixed length control field 260203b ||||| |||| 00| 0 eng d
020 ## - INTERNATIONAL STANDARD BOOK NUMBER
International Standard Book Number 978-1935589679
082 ## - DEWEY DECIMAL CLASSIFICATION NUMBER
Classification number 685.404
100 ## - MAIN ENTRY--PERSONAL NAME
Personal name Project Management Institute.
9 (RLIN) 13254
245 ## - TITLE STATEMENT
Title A Guide to the Project Management Body of Knowledge (PMBOK® Guide) /
Statement of responsibility, etc. Project Management Institute.
250 ## - EDITION STATEMENT
Edition statement 5th Edition
260 ## - PUBLICATION, DISTRIBUTION, ETC.
Place of publication, distribution, etc. USA:
Name of publisher, distributor, etc. Project Management Institute,
Date of publication, distribution, etc. 2013.
300 ## - PHYSICAL DESCRIPTION
Extent 589 p ;
Dimensions 8.38 x 1.2 x 10.88 inches.
563 ## - BINDING INFORMATION
Binding note Hardcover
942 ## - ADDED ENTRY ELEMENTS (KOHA)
Source of classification or shelving scheme
Koha item type Book
Holdings
Withdrawn status Lost status Source of classification or shelving scheme Damaged status Not for loan Permanent Location Current Location Date acquired Total Checkouts Full call number Barcode Date last seen Price effective from Koha item type
          Institute of Geographical Information Systems (IGIS) Institute of Geographical Information Systems (IGIS) 02/03/2026   685.404 IGIS-1201 02/03/2026 02/03/2026 Book
© 2023 Central Library, National University of Sciences and Technology. All Rights Reserved.